Statistics for Most Popular Rap Albums

Click here to take the quiz!

General Stats

  • This quiz has been taken 123 times
  • The average score is 26 of 54

Answer Stats

Artist(s)Album% Correct
XXXTentacion?
100%
Kendrick LamarTo Pimp A Butterfly
82%
Kendrick LamarDamn
77%
Travis ScottAstroworld
74%
Tyler, The CreatorIGOR
70%
Kanye WestThe College Dropout
69%
TupacAll Eyez On Me
66%
Kanye WestMy Beautiful Dark Twisted Fantasy
64%
Tyler, The CreatorFlower Boy
63%
Travis ScottRodeo
63%
Jay-ZThe Blueprint
63%
NasIllmatic
61%
MigosCulture
60%
50 CentGet Rich Or Die Tryin
58%
N.W.AStraight Outta Compton
58%
DrakeViews
58%
Kanye WestYeezus
58%
Dr DreThe Chronic
56%
EminemThe Marshall Mathers LP
56%
Tyler, The CreatorCall Me If You Get Lost
55%
Snoop DoggDoggystyle
55%
DrakeTake Care
55%
Dr Dre2001
54%
DrakeScorpion
54%
The Notorius BIGReady To Die
53%
EminemThe Slim Shady LP
53%
XXXTentacion17
51%
The Notorius BIGLife After Death
49%
J.Cole2014 Forest Hills Drive
48%
Frank OceanChannel Orange
48%
MigosCulture 2
47%
Juice WRLDGoodbye And Good Riddance
45%
DrakeNothing Was The Same
45%
Polo GThe GOAT
44%
Juice WRLDLegends Never Die
43%
Lil Uzi VertLuv Is Rage 2
42%
OutkastStankonia
41%
Mac MillerCircles
39%
Lil Uzi VertEternal Atake
39%
DrakeMore Life
39%
Lil WayneTha Carter 3
38%
Chance The RapperAcid Rap
34%
Pop SmokeShoot For The Stars, Aim For The Moon
33%
Jay-ZThe Black Album
33%
FutureFUTURE
31%
Lil BabyMy Turn
31%
NasIt Was Written
30%
TupacMe Against The World
30%
Pop SmokeMeet The Woo 2
27%
Mobb DeepThe Infamous
26%
Polo GDie A Legend
23%
Nicki MinajPink Friday
20%
Nipsey HussleVictory Lap
19%
NBA YoungboyAI Youngboy 2
14%

Score Distribution

Percentile by Number Answered

Percent of People with Each Score

Your Score History

You have not taken this quiz